000 01177nas a2200385 4500
001 BR2014004529
003 BR-BrBNA
005 20231205124259.0
007 ta
008 230509b bl.|||p| |||| 00| 00por d
040 _aBR-BrBNA
_bpor
_cBiblioteca Nacional de Agricultura
041 _a(Pt)
072 _aL73; L50
100 1 _aSilva, F.S.
100 1 _aCastro, C.C.
100 1 _aFinger, P.F.
100 1 _aSilva, D.S.
100 1 _aTaniwaki, S.A.
100 1 _aUllman, L.S.
100 1 _aFischer, G.
100 1 _aVargas, G.D.
100 1 _aLima, M.
100 1 _aAraújo Junior, J.P.
100 1 _aHübner, S.O.
245 1 _aOcorrência do subtipo B do vírus da imunodeficiência felina em gatos domésticos da região sul do estado do Rio Grande do Sul, Brasil
650 _aGATO
650 _aVÍRUA
650 _aINFECÇÃO
650 _aANÁLISE DE LABORATÓRIO
650 _aDIAGNÓSTICO
650 _aRIO GRANDE DO SUL
773 0 _tArquivo Brasileiro de Medicina Veterinária e Zootecnia (Brazil)
_xISSN 0102-0935
_g(Feb 2014), v. 66(1) p. 1-6
_wBR2014004529
909 _a202311
_bLúcia
_c55
_dLúcia Elande
942 _2AGRIS
_n0
_cANA
999 _c238268
_d238268